Datum a čas kvízu
32
Celkem bodů
Celkový počet nahraných bodů na tomto kvízu bez doplňovacích otázek.
1.
Pořadí na kvízu
Konečné umístění týmu na tomto kvízu.
Zaznamenané odpovědi
| # | Otázka | Odpověď | Body | Výsledky |
|---|---|---|---|---|
| 1. | První československý kosmonaut... | 0 | ||
| 2. | Jednotvárný zvuk od silnice ob... | 0 | ||
| 3. | Česká televize v loňském roce... | 1 | ||
| 4. | Evropská unie vydala ve středu... | 0 | ||
| 5. | Minulý týden se začala prodáva... | 1 | ||
| 6. | Vzpomeňme v tomto tématu na zř... | 1 | ||
| 7. | Vyberte pravdivé tvrzení o For... | 1 | ||
| 8. | Jedno z jeho prvních děl bylo... | 1 | ||
| 9. | Jakou větu pronesl v Přeletu n... | 1 | ||
| 10. | V roce 1979 natočil Miloš Form... | 1 |